[Event "WYCC Open U18"]
[Site "Porto Carras"]
[Date "2015.10.29"]
[Round "5.15"]
[White "Lai, Hing Ting"]
[Black "Korpa, Bence"]
[Result "1/2-1/2"]
[BlackElo "2430"]
[WhiteElo "2334"]
[LiveChessVersion "1.4.6"]

1. c4 {[%clk 1:30:57]} e6 {[%clk 1:30:42]} 2. Nc3 {[%clk 1:31:20]} d5
{[%clk 1:30:51]} 3. d4 {[%clk 1:31:42]} Nf6 {[%clk 1:31:11]} 4. cxd5
{[%clk 1:31:56]} Nxd5 {[%clk 1:31:25]} 5. e4 {[%clk 1:32:19]} Nxc3
{[%clk 1:31:42]} 6. bxc3 {[%clk 1:32:43]} c5 {[%clk 1:32:02]} 7. a3
{[%clk 1:33:07]} g6 {[%clk 1:32:20]} 8. Nf3 {[%clk 1:31:32]} Bg7 {[%clk 1:32:36]}
9. Be2 {[%clk 1:31:10]} b6 {[%clk 1:27:06]} 10. O-O {[%clk 1:28:54]} O-O
{[%clk 1:27:18]} 11. Bg5 {[%clk 1:28:10]} Qc7 {[%clk 1:27:13]} 12. Qd2
{[%clk 1:27:59]} Bb7 {[%clk 1:14:52]} 13. e5 {[%clk 1:22:28]} Nc6
{[%clk 1:09:48]} 14. Rfd1 {[%clk 1:18:37]} Ne7 {[%clk 1:07:52]} 15. dxc5
{[%clk 1:06:04]} Rfc8 {[%clk 0:59:19]} 16. cxb6 {[%clk 0:43:08]} axb6
{[%clk 0:59:41]} 17. c4 {[%clk 0:42:28]} Nc6 {[%clk 0:54:21]} 18. Bf6
{[%clk 0:41:30]} Nxe5 {[%clk 0:53:38]} 19. Bxg7 {[%clk 0:41:33]} Nxf3+
{[%clk 0:53:52]} 20. Bxf3 {[%clk 0:41:59]} Kxg7 {[%clk 0:54:07]} 21. Bxb7
{[%clk 0:40:31]} Qxb7 {[%clk 0:52:34]} 22. Qd4+ {[%clk 0:40:18]} Kg8
{[%clk 0:52:53]} 23. Rdb1 {[%clk 0:38:33]} Rc6 {[%clk 0:35:00]} 24. Rb4
{[%clk 0:38:04]} Qc7 {[%clk 0:35:02]} 25. g3 {[%clk 0:35:10]} Rd8
{[%clk 0:32:39]} 26. Qe3 {[%clk 0:32:08]} Rcd6 {[%clk 0:33:02]} 27. Re1
{[%clk 0:31:18]} Qc6 {[%clk 0:26:34]} 28. Rxb6 {[%clk 0:27:43]} Qxb6
{[%clk 0:26:32]} 29. c5 {[%clk 0:28:11]} Qb5 {[%clk 0:17:01]} 30. cxd6
{[%clk 0:28:30]} Rxd6 {[%clk 0:17:26]} 31. Ra1 {[%clk 0:23:37]} Qb2
{[%clk 0:12:44]} 32. Qe1 {[%clk 0:22:01]} Rd2 {[%clk 0:11:58]} 33. Rb1
{[%clk 0:21:50]} Qd4 {[%clk 0:12:10]} 34. Rc1 {[%clk 0:13:34]} h5
{[%clk 0:10:34]} 35. h4 {[%clk 0:09:57]} Rd3 {[%clk 0:10:08]} 36. Kg2
{[%clk 0:08:49]} Rxa3 {[%clk 0:09:38]} 37. Rd1 {[%clk 0:06:23]} Rd3
{[%clk 0:09:56]} 38. Rxd3 {[%clk 0:06:31]} Qxd3 {[%clk 0:10:21]} 39. Qb4
{[%clk 0:06:40]} Qd5+ {[%clk 0:10:33]} 40. Kg1 {[%clk 0:36:50]} e5
{[%clk 0:40:30]} 41. Qb8+ {[%clk 0:35:52]} Kg7 {[%clk 0:40:50]} 42. Qe8
{[%clk 0:36:11]} Kf6 {[%clk 0:26:12]} 43. Qh8+ {[%clk 0:36:11]} Ke7
{[%clk 0:25:51]} 44. Qc8 {[%clk 0:36:26]} Qd6 {[%clk 0:25:25]} 45. Kh2
{[%clk 0:35:41]} Qe6 {[%clk 0:25:14]} 46. Qc7+ {[%clk 0:35:55]} Kf6
{[%clk 0:25:36]} 47. Qd8+ {[%clk 0:36:15]} Kg7 {[%clk 0:25:56]} 48. Qc7
{[%clk 0:36:14]} Qf5 {[%clk 0:25:10]} 49. Kg1 {[%clk 0:35:33]} Kh7
{[%clk 0:25:33]} 50. Qe7 {[%clk 0:35:42]} Kg7 {[%clk 0:24:51]} 51. Qd6
{[%clk 0:35:55]} Qf6 {[%clk 0:25:06]} 52. Qd5 {[%clk 0:36:06]} Qe7
{[%clk 0:25:12]} 53. Kf1 {[%clk 0:36:02]} Kf6 {[%clk 0:24:59]} 54. Qf3+
{[%clk 0:36:26]} Kg7 {[%clk 0:25:14]} 55. Qc6 {[%clk 0:36:54]} Qb4
{[%clk 0:24:10]} 56. Kg2 {[%clk 0:36:39]} Qd4 {[%clk 0:24:32]} 57. Qc1
{[%clk 0:36:01]} Qe4+ {[%clk 0:23:51]} 58. Kg1 {[%clk 0:35:47]} Kf6
{[%clk 0:24:15]} 59. Qg5+ {[%clk 0:36:00]} Ke6 {[%clk 0:24:40]} 60. Qd8
{[%clk 0:35:40]} Qc6 {[%clk 0:24:55]} 61. Qd3 {[%clk 0:35:40]} Qd7
{[%clk 0:22:17]} 62. Qc2 {[%clk 0:34:04]} Qb7 {[%clk 0:22:05]} 63. Qc4+
{[%clk 0:33:17]} Kf5 {[%clk 0:22:13]} 64. Kh2 {[%clk 0:32:24]} Kf6
{[%clk 0:21:01]} 65. Qc5 {[%clk 0:32:13]} Qb2 {[%clk 0:20:39]} 66. Qc6+
{[%clk 0:32:10]} Kg7 {[%clk 0:20:58]} 67. Kg1 {[%clk 0:32:25]} Qe2
{[%clk 0:21:21]} 68. Kg2 {[%clk 0:32:25]} Qg4 {[%clk 0:21:10]} 69. Qd5
{[%clk 0:32:01]} Qd4 {[%clk 0:21:20]} 70. Qc6 {[%clk 0:32:06]} e4
{[%clk 0:21:36]} 71. Qc1 {[%clk 0:32:14]} Qe5 {[%clk 0:20:55]} 72. Qd2
{[%clk 0:32:30]} Qf5 {[%clk 0:19:14]} 73. Qd4+ {[%clk 0:32:48]} Kg8
{[%clk 0:19:35]} 74. Kg1 {[%clk 0:32:32]} Qf3 {[%clk 0:19:54]} 75. Qd8+
{[%clk 0:32:50]} Kh7 {[%clk 0:20:14]} 76. Qe7 {[%clk 0:32:41]} Qf5
{[%clk 0:18:54]} 77. Kf1 {[%clk 0:31:54]} Kg7 {[%clk 0:18:52]} 78. Kg1
{[%clk 0:32:01]} Qe6 {[%clk 0:19:02]} 79. Qc5 {[%clk 0:27:55]} Qf6
{[%clk 0:18:53]} 80. Qe3 {[%clk 0:28:09]} Qe5 {[%clk 0:18:46]} 81. Kg2
{[%clk 0:27:54]} Kf6 {[%clk 0:18:31]} 82. Qb6+ {[%clk 0:27:37]} Kf5
{[%clk 0:18:33]} 83. Qb7 {[%clk 0:27:26]} Qe6 {[%clk 0:17:22]} 84. Qc7
{[%clk 0:26:52]} Kf6 {[%clk 0:17:36]} 85. Qf4+ {[%clk 0:27:00]} Kg7
{[%clk 0:17:53]} 86. Qe3 {[%clk 0:27:25]} Qd5 {[%clk 0:18:11]} 87. Qc3+
{[%clk 0:27:36]} Kg8 {[%clk 0:18:35]} 88. Qe3 {[%clk 0:28:00]} Kf8
{[%clk 0:18:54]} 89. Kg1 {[%clk 0:28:05]} Ke8 {[%clk 0:19:03]} 90. Qc3
{[%clk 0:28:27]} Kd7 {[%clk 0:19:12]} 91. Qa3 {[%clk 0:28:47]} Ke6
{[%clk 0:18:43]} 92. Qc3 {[%clk 0:28:13]} Kf5 {[%clk 0:17:03]} 93. Qc8+
{[%clk 0:28:26]} Qe6 {[%clk 0:17:17]} 94. Qc2 {[%clk 0:26:46]} Qd5
{[%clk 0:14:55]} 95. Qc8+ {[%clk 0:26:55]} Ke5 {[%clk 0:15:04]} 96. Qc3+
{[%clk 0:26:55]} Kd6 {[%clk 0:15:10]} 97. Qf6+ {[%clk 0:27:14]} Kc5
{[%clk 0:15:21]} 98. Qc3+ {[%clk 0:27:35]} Qc4 {[%clk 0:15:20]} 99. Qe5+
{[%clk 0:27:58]} Kb4 {[%clk 0:15:37]} 100. Qb2+ {[%clk 0:28:20]} Ka4
{[%clk 0:15:58]} 101. Qa1+ {[%clk 0:28:39]} Kb3 {[%clk 0:15:56]} 102. Qb1+
{[%clk 0:28:49]} Kc3 {[%clk 0:16:20]} 103. Qc1+ {[%clk 0:29:08]} Kd3
{[%clk 0:16:20]} 104. Qd1+ {[%clk 0:29:18]} Kc3 {[%clk 0:16:46]} 105. Qc1+
{[%clk 0:29:43]} Kd4 {[%clk 0:17:11]} 106. Qd2+ {[%clk 0:30:05]} Ke5
{[%clk 0:17:22]} 107. Qb2+ {[%clk 0:30:01]} Kf5 {[%clk 0:17:37]} 108. Qd2
{[%clk 0:30:17]} Qd3 {[%clk 0:17:38]} 109. Qg5+ {[%clk 0:30:34]} Ke6
{[%clk 0:18:03]} 110. Qc5 {[%clk 0:30:33]} Qd1+ {[%clk 0:18:03]} 111. Kh2
{[%clk 0:30:47]} Qd5 {[%clk 0:16:13]} 112. Qc8+ {[%clk 0:30:08]} Kf6
{[%clk 0:16:38]} 113. Qh8+ {[%clk 0:29:59]} Ke7 {[%clk 0:17:01]} 114. Qc3
{[%clk 0:30:15]} Qd6 {[%clk 0:16:42]} 115. Kg2 {[%clk 0:30:10]} Kd7
{[%clk 0:16:37]} 116. Qc4 {[%clk 0:30:22]} Qc6 {[%clk 0:16:36]} 117. Qxf7+
{[%clk 0:30:50]} Kc8 {[%clk 0:16:56]} 1/2-1/2

[Event "WYCC Open U18"]
[Site "Porto Carras"]
[Date "2015.10.29"]
[Round "5.16"]
[White "Garriga Cazorla, Pere"]
[Black "Papadopoulos, Georgios"]
[Result "1-0"]
[BlackElo "2264"]
[WhiteElo "2422"]
[LiveChessVersion "1.4.6"]

1. e4 {[%clk 1:30:58]} c5 {[%clk 1:27:19]} 2. Nf3 {[%clk 1:31:22]} e6
{[%clk 1:26:54]} 3. d4 {[%clk 1:31:46]} cxd4 {[%clk 1:27:17]} 4. Nxd4
{[%clk 1:32:15]} Nc6 {[%clk 1:27:33]} 5. Nc3 {[%clk 1:32:23]} Qc7
{[%clk 1:27:54]} 6. f4 {[%clk 1:32:46]} a6 {[%clk 1:25:34]} 7. Nxc6
{[%clk 1:32:36]} bxc6 {[%clk 1:21:16]} 8. Bd3 {[%clk 1:32:59]} d5
{[%clk 1:20:50]} 9. O-O {[%clk 1:32:14]} Nf6 {[%clk 1:15:53]} 10. Qe2
{[%clk 1:30:30]} Be7 {[%clk 1:13:17]} 11. Kh1 {[%clk 1:29:26]} Bb7
{[%clk 1:08:42]} 12. Bd2 {[%clk 1:29:00]} c5 {[%clk 0:55:11]} 13. exd5
{[%clk 1:27:47]} exd5 {[%clk 0:54:30]} 14. Rae1 {[%clk 1:28:10]} c4
{[%clk 0:48:34]} 15. Bf5 {[%clk 1:22:44]} g6 {[%clk 0:41:14]} 16. Bh3
{[%clk 1:13:14]} d4 {[%clk 0:41:06]} 17. f5 {[%clk 1:13:11]} dxc3
{[%clk 0:24:41]} 18. Bxc3 {[%clk 1:11:34]} Kf8 {[%clk 0:23:57]} 19. Qe3
{[%clk 0:54:55]} g5 {[%clk 0:13:30]} 20. Qxg5 {[%clk 0:44:30]} h6
{[%clk 0:13:08]} 21. Qh4 {[%clk 0:44:39]} Ne4 {[%clk 0:04:20]} 22. f6
{[%clk 0:44:17]} Bd6 {[%clk 0:04:02]} 23. Rxe4 {[%clk 0:44:18]} Bxe4
{[%clk 0:04:26]} 24. Qxe4 {[%clk 0:44:43]} Re8 {[%clk 0:04:37]} 25. Qg4
{[%clk 0:43:54]} Rh7 {[%clk 0:03:37]} 26. Bd2 {[%clk 0:41:44]} Re5
{[%clk 0:03:32]} 27. Bxh6+ {[%clk 0:40:52]} Rxh6 {[%clk 0:03:51]} 28. Qg7+
{[%clk 0:41:20]} Ke8 {[%clk 0:04:15]} 29. Qxh6 {[%clk 0:41:28]} Qc5
{[%clk 0:02:00]} 30. Qh8+ {[%clk 0:39:15]} Bf8 {[%clk 0:02:21]} 31. Qh4
{[%clk 0:39:14]} Qd5 {[%clk 0:01:42]} 32. Qg4 {[%clk 0:37:47]} Re6
{[%clk 0:01:14]} 33. Rd1 {[%clk 0:35:59]} Qa5 {[%clk 0:00:40]} 34. Qg3
{[%clk 0:34:34]} Rd6 {[%clk 0:00:40]} 35. Re1+ {[%clk 0:34:23]} Kd8
{[%clk 0:01:01]} 36. Qe3 {[%clk 0:34:22]} Qb5 {[%clk 0:01:01]} 37. Qa7
{[%clk 0:33:45]} Qb4 {[%clk 0:00:34]} 38. c3 {[%clk 0:33:45]} 1-0

[Event "WYCC Open U18"]
[Site "Porto Carras"]
[Date "2015.10.29"]
[Round "5.17"]
[White "Huber, Martin Christian"]
[Black "Codenotti, Marco"]
[Result "1/2-1/2"]
[BlackElo "2419"]
[WhiteElo "2312"]
[LiveChessVersion "1.4.6"]

1. d4 {[%clk 1:30:58]} Nf6 {[%clk 1:29:32]} 2. c4 {[%clk 1:31:22]} g6
{[%clk 1:29:25]} 3. Nc3 {[%clk 1:31:44]} d5 {[%clk 1:29:53]} 4. Nf3
{[%clk 1:31:55]} Bg7 {[%clk 1:30:17]} 5. h4 {[%clk 1:32:19]} c6 {[%clk 1:28:42]}
6. cxd5 {[%clk 1:31:39]} cxd5 {[%clk 1:28:57]} 7. Bf4 {[%clk 1:32:03]} O-O
{[%clk 1:28:27]} 8. e3 {[%clk 1:32:11]} Nc6 {[%clk 1:28:18]} 9. Ne5
{[%clk 1:31:45]} Qb6 {[%clk 1:24:13]} 10. a3 {[%clk 1:29:09]} Nh5
{[%clk 1:15:48]} 11. Na4 {[%clk 1:18:39]} Qa5+ {[%clk 1:03:26]} 12. b4
{[%clk 1:18:55]} Qc7 {[%clk 1:03:16]} 13. Nxg6 {[%clk 1:12:48]} Nxf4
{[%clk 1:02:43]} 14. Nxf4 {[%clk 1:06:09]} Nxd4 {[%clk 1:02:12]} 15. Rc1
{[%clk 1:05:23]} Nc6 {[%clk 0:56:33]} 16. Nxd5 {[%clk 0:55:38]} Qd6
{[%clk 0:56:02]} 17. Nf4 {[%clk 0:42:31]} Rd8 {[%clk 0:39:15]} 18. Qxd6
{[%clk 0:40:55]} Rxd6 {[%clk 0:39:43]} 19. Be2 {[%clk 0:39:03]} Bd7
{[%clk 0:39:17]} 20. Nc3 {[%clk 0:37:14]} Ne5 {[%clk 0:39:42]} 21. Nb5
{[%clk 0:34:42]} Bxb5 {[%clk 0:30:37]} 22. Bxb5 {[%clk 0:34:43]} Ng6
{[%clk 0:30:59]} 23. Nxg6 {[%clk 0:29:12]} hxg6 {[%clk 0:31:28]} 24. Rc2
{[%clk 0:29:08]} Rad8 {[%clk 0:27:32]} 25. Be2 {[%clk 0:27:16]} b5
{[%clk 0:22:11]} 26. O-O {[%clk 0:24:38]} a6 {[%clk 0:22:40]} 27. Rfc1
{[%clk 0:17:16]} Rd2 {[%clk 0:22:16]} 28. Kf1 {[%clk 0:14:30]} Bb2
{[%clk 0:19:57]} 29. Rxd2 {[%clk 0:14:56]} Rxd2 {[%clk 0:20:25]} 30. Rc6
{[%clk 0:14:54]} Rd6 {[%clk 0:18:51]} 31. Rxd6 {[%clk 0:15:14]} exd6
{[%clk 0:19:20]} 32. Bf3 {[%clk 0:15:29]} Bxa3 {[%clk 0:19:26]} 33. Bb7
{[%clk 0:15:55]} Bxb4 {[%clk 0:19:50]} 34. Bxa6 {[%clk 0:16:21]} f6
{[%clk 0:14:53]} 35. Bxb5 {[%clk 0:16:25]} g5 {[%clk 0:15:19]} 36. h5
{[%clk 0:12:33]} Kg7 {[%clk 0:11:40]} 37. Bd3 {[%clk 0:11:43]} Kh6
{[%clk 0:12:02]} 38. g4 {[%clk 0:07:40]} Bc3 {[%clk 0:12:25]} 39. Be4
{[%clk 0:07:55]} Be5 {[%clk 0:12:48]} 40. Ke2 {[%clk 0:38:14]} Bc3
{[%clk 0:43:14]} 41. Bf5 {[%clk 0:37:56]} Kg7 {[%clk 0:43:23]} 42. Kd3
{[%clk 0:37:06]} Be1 {[%clk 0:43:35]} 43. f3 {[%clk 0:37:25]} Kh6
{[%clk 0:43:53]} 44. Ke4 {[%clk 0:37:31]} Bc3 {[%clk 0:44:17]} 45. Be6
{[%clk 0:36:59]} Bd2 {[%clk 0:44:27]} 46. f4 {[%clk 0:36:19]} gxf4
{[%clk 0:44:55]} 47. exf4 {[%clk 0:36:43]} Bc1 {[%clk 0:45:15]} 48. Kf5
{[%clk 0:36:33]} Bd2 {[%clk 0:45:40]} 49. Bd5 {[%clk 0:36:39]} Bc1
{[%clk 0:46:05]} 50. Bf3 {[%clk 0:36:34]} Bd2 {[%clk 0:46:25]} 51. Bd5
{[%clk 0:36:33]} 1/2-1/2

[Event "WYCC Open U18"]
[Site "Porto Carras"]
[Date "2015.10.29"]
[Round "5.18"]
[White "Marek, Matyas"]
[Black "Nikolovski, Nikola"]
[Result "1-0"]
[BlackElo "2212"]
[WhiteElo "2398"]
[LiveChessVersion "1.4.6"]

1. e4 {[%clk 1:30:57]} d5 {[%clk 1:30:23]} 2. exd5 {[%clk 1:31:23]} Nf6
{[%clk 1:30:36]} 3. Nf3 {[%clk 1:31:50]} Nxd5 {[%clk 1:30:42]} 4. d4
{[%clk 1:32:16]} Bg4 {[%clk 1:30:40]} 5. h3 {[%clk 1:32:38]} Bh5 {[%clk 1:30:53]}
6. c4 {[%clk 1:32:47]} Nb6 {[%clk 1:30:55]} 7. Nc3 {[%clk 1:33:10]} e6
{[%clk 1:07:42]} 8. g4 {[%clk 1:33:34]} Bg6 {[%clk 1:07:59]} 9. Ne5
{[%clk 1:33:53]} N8d7 {[%clk 0:57:49]} 10. Nxg6 {[%clk 1:33:18]} hxg6
{[%clk 0:58:07]} 11. c5 {[%clk 1:33:00]} Nc8 {[%clk 0:48:53]} 12. Qb3
{[%clk 1:32:35]} b6 {[%clk 0:37:47]} 13. Bg2 {[%clk 1:16:49]} Rb8
{[%clk 0:36:38]} 14. c6 {[%clk 1:15:55]} Nf6 {[%clk 0:36:20]} 15. Bg5
{[%clk 1:14:31]} Be7 {[%clk 0:34:08]} 16. O-O-O {[%clk 1:13:24]} Nd6
{[%clk 0:32:18]} 17. f4 {[%clk 1:09:57]} O-O {[%clk 0:25:46]} 18. Rhe1
{[%clk 1:09:21]} b5 {[%clk 0:23:09]} 19. Kb1 {[%clk 1:05:02]} a5 {[%clk 0:19:45]}
20. Bxf6 {[%clk 1:03:16]} Bxf6 {[%clk 0:18:30]} 21. g5 {[%clk 1:03:32]} b4
{[%clk 0:16:18]} 22. Na4 {[%clk 1:02:17]} Be7 {[%clk 0:16:10]} 23. Nc5
{[%clk 0:59:26]} Nf5 {[%clk 0:09:07]} 24. Nd7 {[%clk 0:58:09]} Bd6
{[%clk 0:09:12]} 25. d5 {[%clk 0:56:48]} exd5 {[%clk 0:08:31]} 26. Bxd5
{[%clk 0:53:03]} Bxf4 {[%clk 0:03:24]} 27. Nxb8 {[%clk 0:51:28]} Qxb8
{[%clk 0:03:46]} 28. Bxf7+ {[%clk 0:50:32]} Rxf7 {[%clk 0:04:09]} 29. Rd7
{[%clk 0:50:54]} Nd6 {[%clk 0:04:00]} 30. Rxf7 {[%clk 0:51:02]} Nxf7
{[%clk 0:03:52]} 31. Re7 {[%clk 0:51:28]} Qf8 {[%clk 0:02:09]} 32. Qe6
{[%clk 0:51:52]} Bxg5 {[%clk 0:01:17]} 33. Re8 {[%clk 0:52:15]} Bf4
{[%clk 0:01:28]} 34. Qe7 {[%clk 0:52:23]} 1-0

[Event "WYCC Open U18"]
[Site "Porto Carras"]
[Date "2015.10.31"]
[Round "6.1"]
[White "Yuffa, Daniil"]
[Black "Mosadeghpour, Masoud"]
[Result "0-1"]
[BlackElo "2420"]
[WhiteElo "2485"]
[LiveChessVersion "1.4.6"]

1. Nf3 {[%clk 1:30:52]} Nf6 {[%clk 1:30:50]} 2. c4 {[%clk 1:31:14]} g6
{[%clk 1:31:13]} 3. Nc3 {[%clk 1:31:33]} d5 {[%clk 1:31:39]} 4. cxd5
{[%clk 1:31:55]} Nxd5 {[%clk 1:32:03]} 5. Qa4+ {[%clk 1:32:20]} Nc6
{[%clk 1:32:24]} 6. Ne5 {[%clk 1:32:43]} Qd6 {[%clk 1:32:37]} 7. Nxc6
{[%clk 1:33:04]} Qxc6 {[%clk 1:33:03]} 8. Qxc6+ {[%clk 1:33:24]} bxc6
{[%clk 1:33:32]} 9. b3 {[%clk 1:33:45]} Nb4 {[%clk 1:32:10]} 10. Kd1
{[%clk 1:34:10]} Be6 {[%clk 1:31:51]} 11. Bb2 {[%clk 1:34:14]} Bg7
{[%clk 1:31:43]} 12. Kc1 {[%clk 1:33:26]} O-O {[%clk 1:28:12]} 13. Na4
{[%clk 1:27:55]} Bxb2+ {[%clk 1:11:32]} 14. Kxb2 {[%clk 1:28:17]} Rfd8
{[%clk 1:11:59]} 15. d3 {[%clk 1:13:17]} Rd5 {[%clk 0:58:02]} 16. Kc3
{[%clk 0:53:50]} Rb8 {[%clk 0:54:31]} 17. d4 {[%clk 0:48:20]} Rf5
{[%clk 0:52:03]} 18. f3 {[%clk 0:35:00]} Nxa2+ {[%clk 0:51:06]} 19. Rxa2
{[%clk 0:35:27]} Rxb3+ {[%clk 0:51:29]} 20. Kc2 {[%clk 0:35:41]} Rb4
{[%clk 0:51:52]} 21. Nc3 {[%clk 0:35:33]} Bb3+ {[%clk 0:52:04]} 22. Kd3
{[%clk 0:34:46]} Bxa2 {[%clk 0:52:09]} 23. Nxa2 {[%clk 0:32:38]} Rb2
{[%clk 0:52:37]} 24. Nc3 {[%clk 0:26:09]} Ra5 {[%clk 0:50:41]} 25. g3
{[%clk 0:24:20]} c5 {[%clk 0:42:59]} 26. Bg2 {[%clk 0:20:52]} cxd4
{[%clk 0:39:36]} 27. Kxd4 {[%clk 0:21:15]} Rb4+ {[%clk 0:30:26]} 28. Kd3
{[%clk 0:21:22]} Rc5 {[%clk 0:29:34]} 29. f4 {[%clk 0:19:47]} e6 {[%clk 0:18:13]}
30. Ne4 {[%clk 0:18:54]} Rb3+ {[%clk 0:17:29]} 31. Kd2 {[%clk 0:17:44]} Rb2+
{[%clk 0:17:30]} 32. Ke3 {[%clk 0:15:57]} Rcc2 {[%clk 0:16:07]} 33. Bf3
{[%clk 0:15:57]} Kf8 {[%clk 0:08:07]} 34. Ra1 {[%clk 0:12:43]} Ra2
{[%clk 0:08:23]} 35. Rd1 {[%clk 0:12:21]} Ke7 {[%clk 0:06:47]} 36. g4
{[%clk 0:12:45]} Ra3+ {[%clk 0:05:59]} 37. Kf2 {[%clk 0:12:24]} f5
{[%clk 0:05:54]} 38. gxf5 {[%clk 0:12:42]} exf5 {[%clk 0:05:31]} 39. Nd2
{[%clk 0:12:53]} a5 {[%clk 0:03:02]} 40. Nf1 {[%clk 0:43:00]} Rcc3
{[%clk 0:31:00]} 41. Rd4 {[%clk 0:36:19]} a4 {[%clk 0:25:25]} 42. Rb4
{[%clk 0:33:07]} Kd6 {[%clk 0:20:43]} 43. h4 {[%clk 0:30:30]} Ra1
{[%clk 0:19:28]} 44. Ne3 {[%clk 0:30:12]} a3 {[%clk 0:19:21]} 45. Rd4+
{[%clk 0:29:39]} Kc5 {[%clk 0:16:23]} 46. Rd5+ {[%clk 0:27:28]} Kb6
{[%clk 0:14:17]} 47. Re5 {[%clk 0:27:53]} Rf1+ {[%clk 0:05:35]} 48. Kxf1
{[%clk 0:25:05]} Rc1+ {[%clk 0:05:57]} 49. Kg2 {[%clk 0:25:07]} a2
{[%clk 0:06:23]} 50. Nd5+ {[%clk 0:17:12]} Ka7 {[%clk 0:06:11]} 51. Nxc7
{[%clk 0:16:54]} a1=Q {[%clk 0:06:20]} 52. Re8 {[%clk 0:10:34]} Rg1+
{[%clk 0:04:27]} 53. Kh2 {[%clk 0:10:52]} Qe1 {[%clk 0:03:59]} 54. Ra8+
{[%clk 0:11:07]} Kb6 {[%clk 0:04:26]} 55. Nd5+ {[%clk 0:11:32]} Kc5
{[%clk 0:04:40]} 56. Rc8+ {[%clk 0:11:16]} Kd4 {[%clk 0:04:17]} 57. e3+
{[%clk 0:10:38]} Kd3 {[%clk 0:04:42]} 58. Bg2 {[%clk 0:06:16]} Qf2
{[%clk 0:03:16]} 59. Nb4+ {[%clk 0:06:42]} Kxe3 {[%clk 0:03:41]} 60. Rc3+
{[%clk 0:06:20]} Kd4 {[%clk 0:04:00]} 61. Rg3 {[%clk 0:06:32]} Rxg2+
{[%clk 0:04:23]} 62. Rxg2 {[%clk 0:06:59]} Qxh4+ {[%clk 0:04:48]} 0-1

[Event "WYCC Open U18"]
[Site "Porto Carras"]
[Date "2015.10.31"]
[Round "6.2"]
[White "Sosa, Tomas"]
[Black "Alekseenko, Kirill"]
[Result "0-1"]
[BlackElo "2539"]
[WhiteElo "2405"]
[LiveChessVersion "1.4.6"]

1. e4 {[%clk 1:30:46]} e5 {[%clk 1:30:29]} 2. Nf3 {[%clk 1:30:57]} Nc6
{[%clk 1:30:44]} 3. Bb5 {[%clk 1:30:51]} Nge7 {[%clk 1:30:33]} 4. c3
{[%clk 1:23:09]} d5 {[%clk 1:30:57]} 5. d3 {[%clk 1:18:27]} dxe4 {[%clk 1:18:36]}
6. dxe4 {[%clk 1:18:45]} Qxd1+ {[%clk 1:18:32]} 7. Kxd1 {[%clk 1:19:10]} Ng6
{[%clk 1:11:56]} 8. Kc2 {[%clk 1:09:32]} Bc5 {[%clk 1:02:38]} 9. Be3
{[%clk 1:05:18]} Bxe3 {[%clk 1:03:02]} 10. Bxc6+ {[%clk 0:55:20]} bxc6
{[%clk 1:03:27]} 11. fxe3 {[%clk 0:55:47]} f5 {[%clk 0:58:54]} 12. Nbd2
{[%clk 0:44:46]} fxe4 {[%clk 0:59:12]} 13. Ng5 {[%clk 0:42:22]} Nh4
{[%clk 0:59:19]} 14. Rhg1 {[%clk 0:40:51]} Nf5 {[%clk 0:55:50]} 15. Rae1
{[%clk 0:41:02]} Nd6 {[%clk 0:56:15]} 16. Kc1 {[%clk 0:35:31]} Bf5
{[%clk 0:43:06]} 17. g4 {[%clk 0:35:16]} Bg6 {[%clk 0:43:25]} 18. Ne6
{[%clk 0:33:33]} Ke7 {[%clk 0:37:49]} 19. Nc5 {[%clk 0:30:32]} Raf8
{[%clk 0:36:04]} 20. h4 {[%clk 0:22:45]} h6 {[%clk 0:33:08]} 21. h5
{[%clk 0:22:35]} Bh7 {[%clk 0:33:26]} 22. g5 {[%clk 0:19:04]} Bf5
{[%clk 0:31:31]} 23. Rg3 {[%clk 0:17:19]} Be6 {[%clk 0:26:35]} 24. b3
{[%clk 0:13:55]} Rf5 {[%clk 0:23:18]} 25. gxh6 {[%clk 0:11:13]} gxh6
{[%clk 0:23:44]} 26. Ndxe4 {[%clk 0:09:23]} Bf7 {[%clk 0:21:31]} 27. Rg7
{[%clk 0:07:45]} Rg8 {[%clk 0:14:08]} 28. Rh7 {[%clk 0:06:32]} Rg4
{[%clk 0:14:20]} 29. Nxd6 {[%clk 0:06:03]} cxd6 {[%clk 0:14:36]} 30. Na6
{[%clk 0:06:23]} Rg2 {[%clk 0:12:11]} 31. Nb4 {[%clk 0:05:26]} Rff2
{[%clk 0:10:32]} 32. Nxc6+ {[%clk 0:01:31]} Ke8 {[%clk 0:10:51]} 33. Nb4
{[%clk 0:01:33]} a5 {[%clk 0:11:15]} 34. Nd3 {[%clk 0:01:57]} Rxa2
{[%clk 0:11:16]} 35. Kb1 {[%clk 0:02:22]} e4 {[%clk 0:11:14]} 36. Nf4
{[%clk 0:01:42]} Rgb2+ {[%clk 0:09:11]} 37. Kc1 {[%clk 0:02:04]} Rxb3
{[%clk 0:09:28]} 38. Rd1 {[%clk 0:02:14]} Rba3 {[%clk 0:08:04]} 39. Rxh6
{[%clk 0:00:55]} Rh2 {[%clk 0:05:46]} 40. Rh8+ {[%clk 0:30:32]} Kd7
{[%clk 0:34:48]} 41. Rb8 {[%clk 0:29:10]} Bb3 {[%clk 0:30:09]} 42. Rd2
{[%clk 0:26:31]} Ra1+ {[%clk 0:30:31]} 43. Kb2 {[%clk 0:26:55]} Ra2+
{[%clk 0:30:54]} 44. Kxb3 {[%clk 0:27:19]} Rhxd2 {[%clk 0:31:16]} 45. Kc4
{[%clk 0:27:22]} Rdb2 {[%clk 0:31:39]} 46. Rxb2 {[%clk 0:25:37]} Rxb2
{[%clk 0:32:05]} 47. Nd5 {[%clk 0:24:01]} Ke6 {[%clk 0:31:13]} 48. h6
{[%clk 0:23:49]} Kf7 {[%clk 0:31:14]} 0-1